Foreign exchange market contagion in central Europe from the viewpoint of extreme value theory

Analýza nákazy zahraničného devízového trhu v troch stredoeurópskych krajinách a v eurozóne s využitím nástrojov teórie krajnej hodnoty. Sústredenie sa na potenciálnu bublinovú nákazu.

Enregistré dans:
Détails bibliographiques
Auteur principal: Kadlčáková, Narcisa
Autres auteurs: Komárek, Luboš
Format: Chapitre de livre
Langue:anglais
Sujets:
Tags: Ajouter un tag
Pas de tags, Soyez le premier à ajouter un tag!

MARC

LEADER 00000naa a2200000 4500
001 0239618
005 20220805080021.3
041 0 |a eng 
044 |a CZ 
245 1 0 |a Foreign exchange market contagion in central Europe from the viewpoint of extreme value theory  |c Narcisa Kadlčáková, Luboš Komárek 
520 |a Analýza nákazy zahraničného devízového trhu v troch stredoeurópskych krajinách a v eurozóne s využitím nástrojov teórie krajnej hodnoty. Sústredenie sa na potenciálnu bublinovú nákazu. 
610 2 0 |a trh devízový 
610 2 0 |a kríza finančná 
610 2 0 |a kríza menová 
610 2 0 |a kurz výmenný 
610 2 0 |a teória ekonomická matematická 
610 2 0 |a stredná Európa 
610 2 0 |a Česko 
610 2 0 |a Poľsko 
610 2 0 |a Maďarsko 
610 2 0 |a eurozóna 
100 1 |a Kadlčáková, Narcisa 
700 1 |a Komárek, Luboš